The Thesaurus of chemical products. (2nd ed.) (Record no. 81290)
[ view plain ]
| 000 -LEADER | |
|---|---|
| fixed length control field | 01292nam a2200253 a 4500 |
| 008 - FIXED-LENGTH DATA ELEMENTS--GENERAL INFORMATION | |
| fixed length control field | 120416s1992 ||||||||||||||||| || u |
| 020 ## - INTERNATIONAL STANDARD BOOK NUMBER | |
| International Standard Book Number | 0340583029 |
| 050 ## - LIBRARY OF CONGRESS CALL NUMBER | |
| Classification number | TP 9 Ash |
| 100 ## - MAIN ENTRY--PERSONAL NAME | |
| Personal name | Ash, Michael |
| 245 14 - TITLE STATEMENT | |
| Title | The Thesaurus of chemical products. (2nd ed.) |
| 250 ## - EDITION STATEMENT | |
| Edition statement | 2nd ed. |
| 260 ## - PUBLICATION, DISTRIBUTION, ETC. | |
| Place of publication, distribution, etc. | London: |
| Name of publisher, distributor, etc. | Edward Arnold |
| Date of publication, distribution, etc. | 1992 |
| 300 ## - PHYSICAL DESCRIPTION | |
| Extent | 2vols. |
| 350 ## - | |
| -- | 0.00 |
| 650 ## - SUBJECT ADDED ENTRY--TOPICAL TERM | |
| Topical term or geographic name entry element | PRODUCTION |
| 650 ## - SUBJECT ADDED ENTRY--TOPICAL TERM | |
| Topical term or geographic name entry element | CHEMICAL INDUSTRY |
| 700 ## - ADDED ENTRY--PERSONAL NAME | |
| Personal name | Ash, Irene |
| 995 ## - | |
| -- | REFERENCE BOOKS |
| -- | 0.00 |
| -- | 727793 |
| -- | CBU-MAIN LIBRARY (Kitwe) |
| -- | 3 |
| -- | 175.00 |
| -- | TP 9 Ash |
| -- | 1 |
| -- | REFERENCE |
| -- | 025975 |
| -- | Reference Collection |
| 995 ## - | |
| -- | REFERENCE BOOKS |
| -- | 0.00 |
| -- | 737508 |
| -- | CBU-MAIN LIBRARY (Kitwe) |
| -- | 1 |
| -- | 0.00 |
| -- | TP 9 Ash |
| -- | 5 |
| -- | REFERENCE |
| -- | Feb 2, 2007 |
| -- | 53050 |
| -- | Reference Collection |
| 995 ## - | |
| -- | REFERENCE BOOKS |
| -- | 0.00 |
| -- | 736246 |
| -- | CBU-MAIN LIBRARY (Kitwe) |
| -- | 2 |
| -- | 175.00 |
| -- | TP 9 Ash |
| -- | 4 |
| -- | REFERENCE |
| -- | 38985 |
| -- | Reference Collection |
| 995 ## - | |
| -- | REFERENCE BOOKS |
| -- | 0.00 |
| -- | 737507 |
| -- | CBU-MAIN LIBRARY (Kitwe) |
| -- | 1 |
| -- | 0.00 |
| -- | TP 9 Ash |
| -- | 6 |
| -- | REFERENCE |
| -- | Feb 2, 2007 |
| -- | 53022 |
| -- | Reference Collection |
| 995 ## - | |
| -- | REFERENCE BOOKS |
| -- | 0.00 |
| -- | 727794 |
| -- | CBU-MAIN LIBRARY (Kitwe) |
| -- | 4 |
| -- | 175.00 |
| -- | TP 9 Ash |
| -- | 2 |
| -- | REFERENCE |
| -- | 025976 |
| -- | Reference Collection |
| 995 ## - | |
| -- | REFERENCE BOOKS |
| -- | 0.00 |
| -- | 736247 |
| -- | CBU-MAIN LIBRARY (Kitwe) |
| -- | 1 |
| -- | 175.00 |
| -- | TP 9 Ash |
| -- | 3 |
| -- | REFERENCE |
| -- | 38987 |
| -- | Reference Collection |
| 999 ## - | |
| -- | 81290 |
| -- | 81290 |
| Withdrawn status | Lost status | Source of classification or shelving scheme | Damaged status | Not for loan | Permanent Location | Current Location | Shelving location | Date acquired | Total Checkouts | Full call number | Barcode | Date last seen | Copy number | Price effective from | Koha item type |
|---|---|---|---|---|---|---|---|---|---|---|---|---|---|---|---|
| CBU-MAIN LIBRARY, KITWE. | CBU-MAIN LIBRARY, KITWE. | 08/18/2023 | TP 9 Ash | 025975 | 08/18/2023 | 1 | 08/18/2023 | REFERENCE COLLECTION | |||||||
| CBU-MAIN LIBRARY, KITWE. | CBU-MAIN LIBRARY, KITWE. | 08/18/2023 | TP 9 Ash | 53050 | 08/18/2023 | 2 | 08/18/2023 | REFERENCE COLLECTION | |||||||
| CBU-MAIN LIBRARY, KITWE. | CBU-MAIN LIBRARY, KITWE. | 08/18/2023 | TP 9 Ash | 38985 | 08/18/2023 | 3 | 08/18/2023 | REFERENCE COLLECTION | |||||||
| CBU-MAIN LIBRARY, KITWE. | CBU-MAIN LIBRARY, KITWE. | 08/18/2023 | TP 9 Ash | 53022 | 08/18/2023 | 4 | 08/18/2023 | REFERENCE COLLECTION | |||||||
| CBU-MAIN LIBRARY, KITWE. | CBU-MAIN LIBRARY, KITWE. | 08/18/2023 | TP 9 Ash | 025976 | 08/18/2023 | 5 | 08/18/2023 | REFERENCE COLLECTION | |||||||
| CBU-MAIN LIBRARY, KITWE. | CBU-MAIN LIBRARY, KITWE. | 08/18/2023 | TP 9 Ash | 38987 | 08/18/2023 | 6 | 08/18/2023 | REFERENCE COLLECTION |